[Event "Grand Slam Final 8th"]
[Site "Bilbao"]
[Date "2015.10.28"]
[Round "3"]
[White "Ding, Liren"]
[Black "Giri, Anish"]
[Result "1/2-1/2"]
[WhiteElo "2782"]
[BlackElo "2798"]
[Annotator "Krasenkow,M"]
[PlyCount "343"]
[EventDate "2015.10.26"]
[EventType "tourn"]
[EventRounds "6"]
[EventCountry "ESP"]
[EventCategory "22"]
[SourceTitle "CBM 169"]
[Source "ChessBase"]
[SourceDate "2015.11.10"]
[SourceVersion "1"]
[SourceVersionDate "2015.11.10"]
[SourceQuality "1"]

1. d4 Nf6 2. c4 g6 3. g3 c6 4. Bg2 d5 5. Nf3 Bg7 6. O-O O-O 7. Qb3 Qb6 8. Nc3
Rd8 9. Na4 {One of the popular continuations in this position, along with} (9.
Rd1) (9. c5) ({and} 9. h3) {However, it is hardly dangerous for Black.} 9...
Qxb3 (9... Qa6 10. cxd5 Qxe2 11. dxc6 Nxc6 12. Re1 Qa6 13. Bd2 Nxd4 14. Nxd4
Rxd4 15. Nc5 Qb6 16. Bc3 $1 Rd8 17. Rxe7 Qxb3 18. axb3 $16 {1-0 (29) Ding,L 
(2755)-Adhiban,B (2646) Hyderabad 2015}) 10. axb3 Na6 (10... Nbd7 11. Bf4 Ne4
12. Bc7 Re8 13. cxd5 cxd5 14. Rfc1 b5 15. Nb6 Nxb6 16. Bxb6 a6 17. Rc7 $14 {
1-0 (57) Ivanisevic,I (2653)-Ragger,M (2698) Berlin 2015}) 11. Bf4 ({White can
also start with} 11. Nc3 {, and after} Bf5 (11... Nc7 12. Bf4 {1/2 (12)
Tkachiev,V (2634)-Kozul,Z (2630) Skopje MKD 2015} Ne6 13. Be5 $14) 12. Bf4 {
a critical position arises:} h6 (12... Ne4 13. cxd5 $5 (13. Rfc1 e6 14. h3 h5
15. c5 g5 16. Nxg5 Bxd4 17. Ngxe4 Bxe4 18. Nxe4 dxe4 19. Ra4 f5 $13 {1-0 (52)
Narayanan,S (2475)-Swiercz,D (2634) Warsaw 2015}) 13... cxd5 14. Ra5 $14 {
[%cal Ya5b5]}) (12... Nh5 $5 13. Bg5 Nf6 14. Bf4 (14. h3 h5 15. Bf4 Ne8 16.
cxd5 cxd5 17. Ra5 Nac7 18. Rfa1 a6 19. Na4 Ne6 20. Nb6 Nxf4 21. gxf4 Rab8 22.
Nxd5 Be4 23. Ne5 Bxg2 24. Kxg2 Bxe5 25. Nxe7+ Kf8 26. Rxe5 Rxd4 $11 {1/2 (88)
Bosiocic,M (2558)-Kreisl,R (2441) Zillertal AUT 2015}) (14. cxd5 $5 cxd5 15.
Ra5) 14... Nh5 15. Bg5 Nf6 16. Rfc1 h6 17. Bd2 Ne4 18. cxd5 cxd5 19. Be1 Nb8
20. e3 Nc6 $11 {1/2 (51) Grischuk,A (2781)-Caruana,F (2805) Stavanger 2015})
13. Rfc1 (13. h3 g5 14. Be5 e6 15. g4 Bc2 $6 16. Ra3 Ne8 17. Bxg7 Kxg7 18. Rfa1
$14 {1-0 (28) Kreisl,R (2437)-Atakisi,U (2345) Skopje 2015}) 13... g5 14. Be5
Ne4 (14... Ne8 15. Bxg7 Kxg7 16. e3 e6 17. Ne1 Nf6 18. Bf1 Nc7 19. Bd3 Bxd3 20.
Nxd3 Nd7 21. Na4 Ne8 22. Ne5 Nef6 $11 {1/2 (30) L'Ami,E (2613)-Potkin,V (2608)
Wijk aan Zee NED 2015}) (14... e6 15. h4 g4 16. Ne1 Ne8 17. Bxg7 Kxg7 18. e3
Nd6 19. Bf1 Nc7 20. Ne2 Ne4 21. Rd1 Nd6 $11 {1-0 (43) Banusz,T (2586)-Sriram,J
(2400) Arad ROU 2015}) 15. Bxg7 Kxg7 16. Ra4 Nf6 17. e3 e6 18. Nd2 Nd7 $11 {
1-0 (75) Kovalenko,I (2700)-Borisek,J (2565) Berlin 2015}) (11. cxd5 {is
harmless:} Nxd5 $1 12. Bd2 Bg4 (12... Bf5 $5) 13. e3 Bxf3 14. Bxf3 e5 15. dxe5
Bxe5 16. Rfd1 Nb6 17. Bc3 Bxc3 18. Nxb6 axb6 19. bxc3 Rxd1+ 20. Rxd1 Kf8 21.
Kf1 Ke7 22. Ra1 Kd6 23. Ke1 b5 $11 {1/2 (55) Mikhalevski,V (2526)-Chandra,A 
(2496) Rockville 2015}) 11... Ne8 $146 {Preparing ...Na6-c7. This new
continuation looks a bit passive but it is quite enough for equality.} (11...
Bf5 $5 12. Rfc1 (12. Nc3 {- see above}) 12... Be4 $5 13. Nc3 (13. Be5 Bh6 14.
e3 Nd7 15. Bf4 Bxf4 16. gxf4 Bxf3 17. Bxf3 e6 $11 {1-0 (69) Anic,D (2403)
-Bender,I (2301) Bol 2014}) 13... Bxf3 $1 (13... Nh5 14. Be3 Bxf3 15. Bxf3 dxc4
16. g4 Nf6 17. bxc4 $14 {1-0 (54) Sebenik,M (2512)-Tomazini,A (2314) Maribor
SLO 2015}) 14. Bxf3 dxc4 15. bxc4 Rxd4 16. Bxc6 bxc6 17. Rxa6 Rxc4 18. Rca1 $11
) 12. Nc3 Nac7 13. Ra5 Be6 {Not the best arrangement of pieces. They now get
in each other's way. However, Black has a huge margin of safety.} (13... Ne6 $5
14. cxd5 Nxf4 15. gxf4 b6 16. Ra3 cxd5 17. Rfa1 a6 $11) 14. Ra4 a6 15. Rfa1 h6
16. h4 Nd6 (16... Bc8 $5 {[%cal Yc7e6]}) 17. e3 Rac8 18. Nd2 f6 19. Ra5 dxc4
20. Bxd6 exd6 21. bxc4 f5 22. R5a4 c5 23. Ne2 Rb8 24. b4 b5 25. cxb5 Nxb5 26.
bxc5 dxc5 27. Rxa6 $6 (27. Nf3 $1 {was more accurate, with a clear draw after}
Bf7 28. Rxa6 cxd4 {etc. After the text move the queenside pawns are traded,
too, but Black keeps his bishop pair and eventually wins a pawn.}) 27... cxd4
28. Nxd4 (28. Rxe6 dxe3 29. Rxg6 exd2 30. Rd1 {looks risky but may be enough
for a draw.}) 28... Nxd4 29. exd4 Bxd4 30. Rf1 Bb6 31. Re1 $8 {The knight
can't retreat due to 31...Bc4.} Bxf2+ 32. Kxf2 Rxd2+ 33. Kg1 Bf7 {With two
pairs of rooks on the board, this position is not easy to defend.} 34. Ra3 Rbb2
35. Bf3 g5 36. hxg5 hxg5 37. Rae3 (37. g4 $5 fxg4 (37... f4 38. Ra5) 38. Be4 {
must be enough to save the day.}) 37... g4 38. Be2 Bd5 39. Bf1 Rh2 40. R1e2
Rh1+ 41. Kf2 Rb1 ({The pawn endgame after} 41... Rxf1+ 42. Kxf1 Bc4 43. Kf2
Bxe2 44. Rxe2 Rxe2+ 45. Kxe2 {is drawish.}) 42. Re1 Rb4 43. Re7 f4 44. Rc1 $2 {
White wants to avoid the endgame "R vs R+B" arising after} (44. gxf4 Rxf4+ 45.
Kg3 Rfxf1 46. Rxf1 Rxf1 47. Kxg4 {As a result, however, Black wins a piece
without losing his pawn...}) 44... Rb2+ $1 45. Ke1 Rb8 46. gxf4 (46. Kf2 $2
Rh2+ 47. Kg1 fxg3 $19) 46... Bg2 47. Kf2 Bxf1 48. f5 Kf8 $2 {...and blunders
it back!} (48... Bg2 $19 {Black will face some technical problems but the
position is winning for sure.}) 49. Ree1 Rb2+ 50. Kg3 Rh3+ 51. Kxg4 {[%mdl
4096] Black will get some chances in this unusual ending if he wins White's
pawn without exchanging rooks but it is not easy to achieve.} Rb4+ 52. Kg5 Rg3+
53. Kf6 Bc4 54. Rcd1 Bd3 (54... Rb6+ 55. Re6 $1) 55. Rc1 Bc4 56. Rcd1 Rb8 57.
Rd7 Bb3 58. Ree7 Rc3 59. Rd6 Kg8 60. Rg7+ Kh8 61. Rg5 Rh3 62. Ke5 Bg8 63. Kf6
Rh6+ 64. Rg6 Rh5 65. Ke5 Rb5+ 66. Kf4 $6 (66. Kd4 {[%cal Rd6d8] was quite
possible, Black had nothing more than a couple of checks:} Rh4+ 67. Kd3 Rb3+
68. Kc2 Rh2+ 69. Rd2 {, and he must exchange rooks as otherwise 70.Rxg8+ or 70.
Rd8 will follow.}) 66... Rhxf5+ 67. Kg4 Rf1 $6 (67... Bf7 $1 68. Rgf6 Rg5+) 68.
Rh6+ $6 (68. Rb6 $1 {, and Black's rook can't avoid being exchanged due to} Re5
69. Rb8 $1 Rg1+ 70. Kf4) 68... Kg7 69. Rdg6+ Kf7 70. Rb6 Re5 {Black now keeps
both rooks.} 71. Rhc6 $2 {After this move Black consolidates his position and
can win.} ({He could hardly make any progress after} 71. Rb7+ Kf8 72. Rh8 {
, e.g.} Re2 (72... Re6 73. Rb8+ Kf7 74. Rhxg8 Rg1+ 75. Kf5 Rf6+ 76. Ke5) 73.
Kg3 Re6 74. Rb8+ Kf7 75. Kg2) 71... Re7 $2 (71... Ke7 $1 {was winning on the
spot:} 72. Rb7+ Kd8 73. Rbb6 Kd7 {[%cal Rg8e6] starting a decisive hunt on
White's king.}) 72. Rc3 Kg7 73. Rbc6 $2 (73. Rf3) 73... Be6+ $2 {It was better
to activate the rook first:} (73... Re5 {[%cal Rg8e6]}) 74. Kg3 Bd7 75. Rd6 Be8
76. Rf3 Rfe1 77. Rd2 Bc6 78. Rc3 Rg1+ 79. Kh2 Rh1+ 80. Kg3 Rh6 81. Rd4 Re2 82.
Rg4+ Kf7 83. Rcc4 Rg2+ 84. Kf4 Rf6+ 85. Ke5 Re6+ 86. Kf5 Rge2 87. Rgf4 $2 (87.
Kf4) 87... Rg6 88. Rcd4 Re7 89. Rh4 Bd7+ $2 (89... Rf6+ 90. Kg4 Kg7 {[%csl Rg4]
}) 90. Kf4 Rf6+ 91. Kg3 Re3+ 92. Kh2 Re2+ 93. Kg3 Re3+ 94. Kh2 Bf5 95. Kg2 Kg6
96. Kf2 Rc3 97. Rhf4 Rc2+ 98. Kg3 Re6 99. Rd8 Ree2 100. Rg8+ Kh7 101. Rd8 Be6
102. Rdd4 $2 (102. Rd6) 102... Kg6 $2 ({A number of commentators indicated a
study-like win:} 102... Rg2+ 103. Kf3 Kg6 104. Rfe4 (104. Rd6 Kg5) 104... Rh2
$1 105. Rxe6+ Kf5 $19) 103. Rfe4 Rg2+ 104. Kf4 Rgf2+ 105. Ke5 Bf5 106. Re3 Ra2
107. Rd6+ Kg5 108. Rg3+ Bg4 109. Rd4 {Forcing the exchange of rooks.} Ra5+ 110.
Kd6 Ra6+ 111. Kc5 Rf5+ 112. Kb4 Rb6+ 113. Kc4 Rc6+ 114. Kb4 Rf4 115. Rxf4 Kxf4
{At the beginning White confidently defends this ending.} 116. Rc3 Rg6 117.
Rc4+ Ke5 118. Rc5+ Kd6 119. Rc4 Be6 120. Rd4+ Bd5 121. Kc3 Ke5 122. Rd3 Rc6+
123. Kd2 Be4 124. Rc3 Rh6 125. Ke2 Rf6 126. Ke3 Rf8 127. Ke2 Kd4 128. Ra3 Bc2
129. Rh3 Rg8 130. Kf3 Be4+ 131. Kf4 Rf8+ 132. Kg5 Ke5 133. Rg3 {The
"second-rank defence" (with the g-file instead of the 2nd rank).} Bf3 134. Kh4
Ke4 (134... Kf4 135. Rg4+ {is White's key idea.}) 135. Rg7 Rf5 136. Kg3 Ke3
137. Rg8 Rh5 138. Rg7 Be4 139. Rg8 Rh1 140. Rg5 Rf1 141. Kg4 Bf3+ 142. Kf5 Kd4
143. Ke6 Rh1 144. Rg6 Be4 145. Rf6 Rh8 146. Kd6 Ra8 147. Ke7 Ra5 148. Rd6+ Bd5
149. Kf6 Ra7 150. Kf5 Re7 151. Rf6 Re1 152. Kg5 Be6 153. Kf4 Re3 154. Rf8 Bd5
155. Rf6 Re1 156. Kf5 Re5+ 157. Kf4 Be6 158. Kf3 Re3+ 159. Kf4 Re4+ 160. Kf3
Bg4+ 161. Kg3 Ke3 162. Rg6 Bf3 163. Rg5 Ra4 164. Re5+ Be4 165. Kg4 Ra1 {
50 moves without capture have been completed, White could have already claimed
a draw. Either Ding Liren miscalculated the moment when he could do it or he
decided to test his defensive technique without any risk - not quite
successfully, by the way.} 166. Rg5 Rf1 167. Kh4 Bf5 168. Rg3+ {After this
move, surprisingly, White's line of defence breaks down.} (168. Kg3 $1 Ke4 169.
Kh4 {was the most accurate course.}) 168... Kf4 169. Rg4+ Ke5 170. Rg3 (170.
Rg2 $144 {[%cal Rh4g3]} Be4 $1 (170... Rf3 171. Kg5) 171. Rg5+ Kf6 172. Rg3 Bf5
) 170... Kf6 171. Ra3 Rg1 {Black finally manages to cut off White's king at
the edge of the board.} (171... Rh1+ 172. Kg3 Rh3+ 173. Kf4 Rxa3 {stalemate.})
172. Ra4 {This "Szen position" is also drawn but it requires more accurate
defence. Therefore Ding Liren decided it was time to claim a draw.} 1/2-1/2

[Event "Sinquefield Cup 2nd"]
[Site "Saint Louis"]
[Date "2014.08.29"]
[Round "3"]
[White "Vachier Lagrave, Maxime"]
[Black "Aronian, Levon"]
[Result "1-0"]
[WhiteElo "2768"]
[BlackElo "2805"]
[Annotator "Krasenkow,M"]
[PlyCount "71"]
[EventDate "2014.08.27"]
[EventType "tourn"]
[EventRounds "10"]
[EventCountry "USA"]
[EventCategory "23"]
[SourceTitle "CBM 162"]
[Source "ChessBase"]
[SourceDate "2014.09.17"]
[SourceVersion "1"]
[SourceVersionDate "2014.09.17"]
[SourceQuality "1"]

1. Nf3 d5 2. g3 g6 3. Bg2 Bg7 4. d4 c6 5. O-O Nf6 6. Nbd2 O-O 7. c4 Be6 {
A rarely seen line.} 8. b3 (8. cxd5 cxd5 9. Nb3 b6 10. Bf4 Nc6 11. Rc1 Rc8 12.
Ne5 Qe8 $11 {0-1 (55) Sivanandan,B (2452)-Sandipan,C (2522) Visakhapatnam 2006}
) 8... Ne4 ({Perhaps} 8... c5 {is more to the point:} 9. Bb2 Nc6 10. dxc5 dxc4
11. Nxc4 (11. Ng5 Bd5) 11... Bxc4 12. bxc4 Qa5 $5 {looks almost equal} (12...
Ne4 13. Bxg7 Qxd1 14. Rfxd1 Kxg7 15. Ne5 $5 (15. Ne1 Nxc5 16. Bxc6 bxc6 $11 {
1/2 (20) Osnos,V-Shamkovich,L Leningrad 1967}) 15... Nxe5 16. Bxe4 $14)) 9. Bb2
{This position often arises from other move orders (...Nf6-e4 and then ...
Bc8-e6).} (9. Nxe4 $5 dxe4 10. Ng5 Bxd4 (10... Bc8 11. Be3 c5 12. d5 Bxa1 13.
Qxa1 $44 {1-0 (29) McNab,C (2463)-Poobalasingam,P (2326) Coulsdon 2010}) (10...
Bg4 11. Be3 c5 12. d5 Bxa1 13. Qxa1 $44 {1-0 (23) Le Roux,J (2486)-Kovchan,A 
(2527) France 2007}) 11. Nxe6 fxe6 12. Bh6 Bg7 (12... Bxa1 13. Qxa1 Rf6 14. Rd1
$36) 13. Bxg7 Qxd1 14. Rfxd1 Kxg7 15. Rd4 $14 {1-0 (87) Gomes,M (2316)-Mikadze,
M (2258) Gaziantep 2008}) 9... Nxd2 {Not the best option.} (9... Qa5 $5 10. Qc1
Nxd2 11. Nxd2 Rd8 12. Rd1 Nd7 13. e3 Rac8 14. Bc3 Qa6 (14... Qc7 $142) 15. Bf1
$14 {1-0 (73) Sasikiran,K (2689)-Melkumyan,H (2619) Bastia 2011}) (9... f5 $5 {
leads to a position often arising from the Dutch Defence (Leningrad Variation),
quite playable for Black.}) 10. Qxd2 $1 {[%mdl 512] White sacrifices a pawn
but obtains the bishop pair in quite an open position.} dxc4 11. Ng5 cxb3 12.
Nxe6 fxe6 13. Qe3 $5 $146 {[%mdl 8]} (13. axb3 Qb6 (13... Qd7 14. Rfc1 e5 15.
d5 e6 {1/2 (22) Doda,Z-Trifunovic,P Halle 1963} 16. d6 $1 $36 Rd8 $140 17. Rd1)
14. Qe3 e5 15. d5 Qxe3 16. fxe3 Rxf1+ 17. Rxf1 a5 18. dxc6 Nxc6 19. Bd5+ Kh8
20. Rc1 Bf6 {1/2 (20) Liebert,H (2365)-Niedermaier,H (2250) Germany 1997})
13... bxa2 (13... Qd6 14. Qxb3 Na6 15. Ba3 Qd7 16. Rad1 $36) 14. Qxe6+ Kh8 15.
Qxa2 {Despite Black's extra pawn, White's bishop pair and mobile central pawns
guarantee him the upper hand.} Rf5 $6 (15... Nd7 16. d5 $1) 16. Rfb1 (16. d5 $1
{was very strong here, too:} cxd5 17. g4 (17. Bxg7+ $143 Kxg7 18. Qb2+ Rf6 19.
Qxb7 Nc6) 17... Rg5 $2 18. Bxg7+ Kxg7 19. Qb2+ $18) 16... Qb6 $6 (16... Nd7 $1
17. d5 cxd5 18. Bxd5 Nc5 {, tenaciously defending.}) 17. e4 Rf8 (17... Rb5 18.
Bf1 Rb4 19. Ba3 Rxb1 20. Rxb1 Qc7 21. Qf7 $18) 18. Bc3 Qc7 19. Qb2 b6 20. d5
Bxc3 21. Qxc3+ Kg8 22. e5 {[%csl Gd5,Ge5]} a5 23. dxc6 {White has recaptured
the sacrificed pawn while keeping a huge positional advantage. The rest is
clear.} Na6 24. Qb3+ Kh8 25. Qxb6 Qxb6 26. Rxb6 Nc7 27. Rb7 Rfc8 28. Ra4 Ra6
29. h4 Kg8 30. Rd4 a4 31. Rd7 a3 32. Rbxc7 Rxc7 33. Bd5+ Kf8 34. Rxc7 a2 35.
Rc8+ Kg7 36. Rg8+ (36. Rg8+ Kh6 37. Bxa2 Rxa2 38. c7) 1-0

[Event "Olympiad-32"]
[Site "Yerevan"]
[Date "1996.10.01"]
[Round "14.4"]
[White "Mochalov, Evgeny Veniaminovic"]
[Black "Peng, Xiaomin"]
[Result "0-1"]
[WhiteElo "2465"]
[BlackElo "2490"]
[Annotator "Lempert,I"]
[PlyCount "92"]
[EventDate "1996.09.15"]
[EventType "team-swiss"]
[EventRounds "14"]
[EventCountry "ARM"]
[SourceTitle "CBM 055"]
[Source "ChessBase"]
[SourceDate "1996.12.01"]
[SourceVersion "1"]
[SourceVersionDate "1996.12.01"]
[SourceQuality "1"]
[WhiteTeam "Belarus"]
[BlackTeam "China"]
[WhiteTeamCountry "BLR"]
[BlackTeamCountry "CHN"]

1. d4 Nf6 2. c4 g6 3. g3 Bg7 4. Bg2 O-O 5. Nf3 c6 6. O-O d5 7. b3 Bf5 8. Bb2
Ne4 9. e3 a5 (9... Nd7 10. Qe2 a5 11. Nc3 Nxc3 12. Bxc3 Nf6 13. Rfc1 Be4 14.
Be1 e6 15. Bf1 $14 {Nikolic,P-Svidler/Ter Apel/1996/}) 10. Qe2 $6 (10. Nc3)
10... a4 11. b4 Nd7 12. a3 (12. Na3 $5) 12... Re8 13. Rd1 Nb6 14. Nbd2 $2 (14.
Nfd2 $1 Nd6 (14... Nxd2 15. Nxd2 dxc4 16. Nxc4 Nxc4 17. Qxc4 $14) 15. c5 Nbc4
16. Bc3 Nxd2 17. Nxd2 Nb5 18. Bb2 $10) 14... Bg4 $1 15. cxd5 cxd5 16. h3 Nxd2
17. hxg4 Nxf3+ 18. Qxf3 Nc4 19. Ra2 e6 20. Ba1 (20. Bc3 $5 Qd6 21. Be1) 20...
Rc8 21. Bf1 $6 (21. e4 $1) 21... Re7 22. Bd3 Rec7 23. Qe2 Qd6 24. Kg2 Qe7 25.
Rh1 Nd6 26. Rc2 $6 (26. Rd1) 26... Rxc2 27. Bxc2 Nc4 28. Qd3 Nxa3 $1 29. Qxa3
Rxc2 30. Qxa4 Qc7 31. b5 Bf8 32. Rb1 Bd6 33. Rb2 $6 (33. b6) 33... Rc1 34. Re2
Qc4 35. Qxc4 Rxc4 36. Kf3 Kf8 37. Ra2 Rb4 38. Rb2 Ke7 39. Ke2 Kd7 40. Kd3 Rxb2
41. Bxb2 Kc7 $19 42. Kc3 Kb6 43. Kb3 Kxb5 44. g5 Bb4 45. g4 Be1 46. f3 Bd2 0-1